| 000 | 00645nam a2200193 a 4500 | ||
|---|---|---|---|
| 001 | 000025392 | ||
| 005 | 20200930023745.0 | ||
| 008 | 110215s1968 sp a r 001 0 spa d | ||
| 040 |
_aDO-SdBNP _bspa _cBNPHU |
||
| 082 |
_axxxxx _bK653p |
||
| 100 | 1 |
_aKlimmer, O. R. _951981 |
|
| 245 | 1 | 0 |
_aPlaguicidas, toxicológía, sintomatología y terapia / _cO. R. Klimmer ; traducción M. Kregar. |
| 260 |
_aBarcelona, España : _bOikos-tau, _c1968. |
||
| 300 |
_a162 p. : _bil. ; _c18.5 cm. |
||
| 500 | _aIncluye índice alfabético. | ||
| 500 | _aIncluye referencias bibilográficas p. [151-154]. | ||
| 700 | 1 |
_aKregar, M., _etr. _951982 |
|
| 049 | _aBNGR | ||
| 999 |
_c24884 _d24884 |
||